Word Chain Puzzle #2 - Statistics

General Stats
  • This quiz has been taken 33 times
  • The average score is 5 of 15
Answer Stats
Hint Answer % Correct
R _ _ _ Road
91%
R _ _ _ Rail
87%
B _ _ _ _ Block
52%
P _ _ _ _ Party
35%
A _ _ _ _ _ Animal
30%
B _ _ _ _ Black
22%
C _ _ _ _ _ _ Cracker
22%
D _ _ _ Down
22%
F _ _ _ Fall
22%
F _ _ _ Free
22%
J _ _ _ Jack
22%
T _ _ Tie
22%
D _ _ Dye
17%
P _ _ _ Play
17%
R _ _ _ Room
17%
No matching quizzes found
Score Distribution
Percent of People with Each Score
Percentile by Number Answered
Your Score History
You have not taken this quiz